000 00539nam a2200217Ia 4500
003 OSt
005 20220928143536.0
006 a|||||r|||| 00| 0
007 ta
008 220927b |||||||| |||| 00| 0 eng d
024 _a22498
037 _cTextual
040 _aSDCL
_cSDCL
_beng
041 _2eng
_aeng
082 _aQ:414:(S5), L5
100 _aScott George Ryley
_9505705
245 0 _aPhallic worship.
260 _c1975
942 _hQ:414:(S5), L5
_cTEXL
_2CC
999 _c824491
_d824491